Random signal processing / (Record no. 4023)

MARC details
000 -LEADER
fixed length control field 00718nac a22001931u 4500
010 ## - LIBRARY OF CONGRESS CONTROL NUMBER
LC control number 94015146
020 ## - INTERNATIONAL STANDARD BOOK NUMBER
International Standard Book Number 0023818522
082 00 - DEWEY DECIMAL CLASSIFICATION NUMBER
Classification number 621.3822
Item number M6854
090 ## - LOCALLY ASSIGNED LC-TYPE CALL NUMBER (OCLC); LOCAL CALL NUMBER (OCLC)
-- 4023
-- 4023
100 ## - MAIN ENTRY--PERSONAL NAME
Personal name Mix, Dwight F.,
245 10 - TITLE STATEMENT
Title Random signal processing /
Statement of responsibility, etc Dwight F. Mix.
260 ## - PUBLICATION, DISTRIBUTION, ETC. (IMPRINT)
Place of publication, distribution, etc Englewood Cliffs, N.J. :
Name of publisher, distributor, etc Prentice Hall,1995
Date of publication, distribution, etc 1995.
300 ## - PHYSICAL DESCRIPTION
Extent xii, 450 p. :
Other physical details ill. ;
Dimensions 24 cm.
504 ## - BIBLIOGRAPHY, ETC. NOTE
Bibliography, etc Includes bibliographical references and index.
650 #0 - SUBJECT ADDED ENTRY--TOPICAL TERM
Topical term or geographic name as entry element Signal processing
General subdivision Statistical methods.
650 #0 - SUBJECT ADDED ENTRY--TOPICAL TERM
Topical term or geographic name as entry element Stochastic processes.
942 ## - ADDED ENTRY ELEMENTS (KOHA)
Item type Book - Borrowing
Call number prefix 621.3822M6854
Holdings
Withdrawn status Item status Damaged status Not for loan Home library Current library Shelving location Date acquired Source of acquisition Total Checkouts Full call number Barcode Date last seen Koha item type
        Central Library Central Library First floor 07/08/2015 Purchase   621.3822 MIX 000000041 15/07/2025 Book - Borrowing